Music Quiz

Random Music Quiz

Hard rock artists Quiz Stats

 Plays Quiz not verified by Sporcle

Challenge
Share
Tweet
Embed
Score 0/40 Timer 12:00
0 Plays Today
% Correct
led zeppelin
77.1%
ACDC
74.3%
metallica
74.3%
black sabbath
60%
guns n roses
60%
kiss
57.1%
nirvana
48.6%
aerosmith
48.6%
van halen
45.7%
iron maiden
42.9%
queen
40%
deep purple
37.1%
bon jovi
37.1%
def leppard
37.1%
pink floyd
31.4%
rolling stones
28.6%
alice cooper
28.6%
alice in chains
25.7%
the clash
22.9%
ramones
22.9%
% Correct
jimi hendrix
20%
rage against the machine
20%
green day
20%
the doors
17.1%
audioslave
17.1%
blue oyster cult
14.3%
beastie boys
14.3%
foo fighters
14.3%
red hot chili peppers
11.4%
sex pistols
11.4%
the kinks
11.4%
disturbed
11.4%
avenged sevenfold
8.6%
shinedown
5.7%
3 doors down
5.7%
cheap trick
2.9%
david bowie
2.9%
billy idol
0%
bloodhound gang
0%
epic
0%

You're not logged in!

Compare scores with friends on all Sporcle quizzes.
OR
Log In

You Might Also Like...

Show Comments

Extras

Created Jul 29, 2010ReportNominate

Top Quizzes Today


Score Distribution

Your Account Isn't Verified!

In order to create a playlist on Sporcle, you need to verify the email address you used during registration. Go to your Sporcle Settings to finish the process.

Report this User

Report this user for behavior that violates our Community Guidelines.

Details: